<?xml version="1.0" encoding="UTF-8"?>
<record
    xmlns:xsi="http://www.w3.org/2001/XMLSchema-instance"
    xsi:schemaLocation="http://www.loc.gov/MARC21/slim http://www.loc.gov/standards/marcxml/schema/MARC21slim.xsd"
    xmlns="http://www.loc.gov/MARC21/slim">

  <leader>00791nam a22002297a 4500</leader>
  <controlfield tag="003">0</controlfield>
  <controlfield tag="005">20160609165301.0</controlfield>
  <controlfield tag="008">100118t        xxu||||| |||| 00| 0 eng d</controlfield>
  <datafield tag="037" ind1=" " ind2=" ">
    <subfield code="a">M15464</subfield>
    <subfield code="b">BIBLIO</subfield>
  </datafield>
  <datafield tag="040" ind1=" " ind2=" ">
    <subfield code="a">BUAC</subfield>
    <subfield code="b">FR</subfield>
    <subfield code="c">BEPAC</subfield>
  </datafield>
  <datafield tag="082" ind1=" " ind2=" ">
    <subfield code="a">27.ABM/AKPO</subfield>
  </datafield>
  <datafield tag="100" ind1=" " ind2=" ">
    <subfield code="a">Akpo , D&#xE9;nis</subfield>
    <subfield code="9">2882</subfield>
  </datafield>
  <datafield tag="130" ind1=" " ind2=" ">
    <subfield code="l">fr</subfield>
    <subfield code="9">10760</subfield>
  </datafield>
  <datafield tag="245" ind1=" " ind2=" ">
    <subfield code="a">Richesse bacillaire des expectorations et taux de lymphocytes T CD4 chez les adultes tuberculeux infect&#xE9;s par le VIH : cas du centre hospitalier de pneumo-phtisiologique d'Akron &#xE0; Porto - Novo</subfield>
  </datafield>
  <datafield tag="260" ind1=" " ind2=" ">
    <subfield code="a">UAC-EPAC</subfield>
    <subfield code="b">UAC-EPAC</subfield>
    <subfield code="c">2007-2008</subfield>
  </datafield>
  <datafield tag="300" ind1=" " ind2=" ">
    <subfield code="a">I-70p</subfield>
    <subfield code="c">29cm</subfield>
  </datafield>
  <datafield tag="500" ind1=" " ind2=" ">
    <subfield code="a">Mem Ecole Polytechnique d'ABOMEY  - Calavi
2008</subfield>
  </datafield>
  <datafield tag="650" ind1=" " ind2=" ">
    <subfield code="a">LYMPHOCYTES  </subfield>
    <subfield code="9">2883</subfield>
  </datafield>
  <datafield tag="650" ind1=" " ind2=" ">
    <subfield code="a">  TCD4 TUBERCULEUX </subfield>
    <subfield code="9">2883</subfield>
  </datafield>
  <datafield tag="700" ind1=" " ind2=" ">
    <subfield code="a">Awo ,On&#xE9;sime</subfield>
    <subfield code="9">10761</subfield>
  </datafield>
  <datafield tag="942" ind1=" " ind2=" ">
    <subfield code="c">THE</subfield>
  </datafield>
  <datafield tag="999" ind1=" " ind2=" ">
    <subfield code="c">46746</subfield>
    <subfield code="d">46746</subfield>
  </datafield>
  <datafield tag="952" ind1=" " ind2=" ">
    <subfield code="0">0</subfield>
    <subfield code="1">0</subfield>
    <subfield code="4">0</subfield>
    <subfield code="7">0</subfield>
    <subfield code="a">BEPAC</subfield>
    <subfield code="b">BEPAC</subfield>
    <subfield code="d">2010-11-11</subfield>
    <subfield code="e">D&#xE9;pot l&#xE9;gal</subfield>
    <subfield code="l">0</subfield>
    <subfield code="o">27./ABM/AKP</subfield>
    <subfield code="p">M16082EPAC</subfield>
    <subfield code="r">2010-11-11 00:00:00</subfield>
    <subfield code="t">1</subfield>
    <subfield code="w">2010-11-11</subfield>
    <subfield code="y">THE</subfield>
  </datafield>
  <datafield tag="952" ind1=" " ind2=" ">
    <subfield code="0">0</subfield>
    <subfield code="1">0</subfield>
    <subfield code="4">0</subfield>
    <subfield code="7">0</subfield>
    <subfield code="a">BEPAC</subfield>
    <subfield code="b">BEPAC</subfield>
    <subfield code="d">2010-11-11</subfield>
    <subfield code="e">D&#xE9;pot l&#xE9;gal</subfield>
    <subfield code="l">0</subfield>
    <subfield code="o">27./ABM/AKP</subfield>
    <subfield code="r">2010-11-11 00:00:00</subfield>
    <subfield code="t">M16083EPAC</subfield>
    <subfield code="w">2010-11-11</subfield>
    <subfield code="y">THE</subfield>
  </datafield>
  <datafield tag="952" ind1=" " ind2=" ">
    <subfield code="0">0</subfield>
    <subfield code="1">0</subfield>
    <subfield code="4">0</subfield>
    <subfield code="7">0</subfield>
    <subfield code="a">BEPAC</subfield>
    <subfield code="b">BEPAC</subfield>
    <subfield code="d">2010-11-11</subfield>
    <subfield code="e">D&#xE9;pot l&#xE9;gal</subfield>
    <subfield code="l">0</subfield>
    <subfield code="o">27./ABM/AKP</subfield>
    <subfield code="p">M16085EPAC</subfield>
    <subfield code="r">2010-11-11 00:00:00</subfield>
    <subfield code="t">3</subfield>
    <subfield code="w">2010-11-11</subfield>
    <subfield code="y">THE</subfield>
  </datafield>
</record>
